000 00507nam a22001817a 4500
005 20260226100620.0
008 260226b |||||||| |||| 00| 0 eng d
020 _a978-8-1848-7621-5
050 _aQA 76.73 .C15 P35 2018
100 _aPAL,DEBDUTTA
245 _aDATA STRUCTURES AND ALGORITHMS WITH C
260 _aOXFORD
_bALPHA SCIENCE INTERNATIONAL
_c2018
300 _aXVI,12.11P
500 _aAPPENDIX INDEX
650 _aCOMPUTER PROGRAM LANGUAGE
700 _aHELDER,SUMAN
942 _2lcc
_cBK
999 _c216687
_d216687